zpět

Detail výsledku týmu

Srdcovka Monika, Chomutov

Datum a čas kvízu

32 Celkem bodů Celkový počet nahraných bodů na tomto kvízu bez doplňovacích otázek.
6. Pořadí na kvízu Konečné umístění týmu na tomto kvízu.

Zaznamenané odpovědi

# Otázka Odpověď Body Výsledky
1. Na oficiální návštěvu České re... Finsko 1
2. Francouzský prezident Emmanuel... v Arménii 0
3. 81letý britský kytarista, zpěv... Eric Clapton 1
4. V úterý večer zastavila na Pro... B) policejní Škoda Forman z 90. let 1
5. Obrovského úspěchu dosáhla Rac... A 1
6. Téma začneme jednou z nejoblíb... Matěj Kotrba 0.5
7. V roce 2023 jsme mohli v kinec... Oppenheimer 1
8. Který herec si zahrál Hektóra,... Eric Bana 1
9. Půl bodu obdržíte za název fil... Amadeus; Miloš Forman 1
10. Který režisér je podepsán pod... C 1